Страны-лидеры по производству кофе - Statistics

General Stats
  • This quiz has been taken 103 times
  • The average score is 13 of 25
Answer Stats
Произведено тонн Страна % Correct
3 558 000 Бразилия
98%
138 000 Китай
85%
858 000 Колумбия
83%
329 100 Индия
78%
36 000 Венесуэла
73%
273 000 Мексика
69%
270 000 Перу
69%
642 000 Индонезия
66%
1 830 000 Вьетнам
61%
441 000 Эфиопия
58%
39 000 Кения
54%
42 000 Таиланд
50%
28 500 Лаос
50%
75 000 Танзания
44%
27 000 Филиппины
44%
216 000 Гватемала
43%
140 400 Никарагуа
41%
120 000 Малайзия
41%
390 000 Гондурас
38%
82 500 Коста-Рика
38%
39 000 Сальвадор
36%
255 000 Уганда
31%
21 000 Камерун
25%
108 000 Кот-д'Ивуар
23%
54 000 Папуа-Новая Гвинея
19%
No matching quizzes found
Score Distribution
Percent of People with Each Score
Percentile by Number Answered
Your Score History
You have not taken this quiz